02205agaaa2200313 45000010005000000030009000050050017000140070009000310080040000400400023000800410013001031000046001161300025001622400032001872450177002192460025003962500022004212600122004433000034005655080146005995110092007455200792008375380016016295460013016456500057016587000058017157000060017737000058018337469IT-RoPAU20220918181230.0d cvaizq50131s9999||||xx ||| | || ||und|| aIT-RoPAUcIT-RoPAU aITALIANO aResnais AlaingCodice regista SPICS: 2111 aMON ONCLE D'AMERIQUE aMON ONCLE D'AMERIQUEgT1719 aMON ONCLE D'AMERIQUEcProdotto da: Drussart Philippe -- Sceneggiatura: Grualt Jean -- Diretto da: Resnais AlainpMON ONCLE D'AMERIQUE (Rif. Codice opera principale : H7469) aMON ONCLE D'AMERIQUE aEdizione Standard a(FRANCIA)bANDREA FILM - T.F.1 / Distribuzione: MULTIMEDIA SAN PAOLOg"1980 (1° ed.: 2007 ; Ed. Lingua Orig.: 1980)" aDVDbsonoro, col.c121 minuti a"Fotografia: Vierny Sacha; Montaggio: Jurgenson Albert; Musica: Dzierlatka Arie; Sceneggiatura: Grualt Jean; Scenografia: Saulnier Jacques; " a"Depardieu Gerard; Garcia Nicole; Pierre Roger; Borgeaud Nelly; Darrieu Gerard; Dubois" aJEAN, RENE', JANINE, DUE UOMINI E UNA DONNA, LE CUI VITE PARALLELE SONO DESTINATE A INTRECCIARSI. JEAN, CLASSE 1929, E' DECISO A DIVENTARE QUALCUNO NEL CAMPO POLITICO E LETTERARIO. RENE', CONTADINO DELL'ANGIO', PER ARRIVARE A ESSERE QUALCUNO ABBANDONA L'AZIENDA E VA IN CITTA', METTENDO PERO' PIU' AFFANNI CHE SODDISFAZIONI. JANINE , NATA NEL 48, CERCA LA VIA DEL CINEMA E INCONTRA JEAN CHE, AFFASCINATO DALLA CARICA VITALE DELLA DONNA, ABBANDONA LAMOGLIE. MA LA LEGITTIMA COMPAGNA RIUSCIRA' A RICONQUISTARE IL MARITO. PER QUANTO SI AGITINO E SI SFORZINO DI CAPIRE, I TRE NON RIESCONO A DARSI CONTODEI PROPRI COMPORTAMENTI: SONO INFATTI DEI PERSONAGGI CAVIE. PREMIO FIPRESCI CANNES 1980. GRAN PREMIO DELLA GIURIA CANNES 1980. PREMIO DAVID DI DONATELLO 1981 A JEAN GRUALT. EXTRA: TRAILER. aPAL, STEREO aITALIANO aCOMMEDIAeDVD-FILM [DVD]xCodice MATERIA SPICS: 9947 aDzierlatka Ariee(musica)gCodice Musica SPICS: 29791 aLaborit Henri e(soggetto)gCodice Soggetto SPICS: 3436 aResnais Alain e(regista)gCodice regista SPICS: 2111